000 00495nam a22001697a 4500
999 _c27086
_d27086
003 BDDh-ASL
005 20231015030725.0
008 211023n ii ||||| |||| 00| 0 u d
040 _aBDDh-ASL
_cBDDh-ASL
082 _a297.3
_bALR
100 1 _95370
_aAli, Maulavi Buniyad
245 1 0 _aRisala Wazifa Firoz : / رسالہ و‍ظيفہ فيروز
260 _aMeerut :
_bGulzar Mohammadi Press ,
300 _a108 p. :
_c25 cm.
650 0 _95142
_a Islamic Discourse
942 _2ddc
_cBK